000 00241nam a22001217a 4500
003 SGT
082 _a823
_bSPA
100 _aSPARKS NICHOLAS
245 _aTHE WEDDING
260 _aUSA
_bSPHERE PUB
_c2003
300 _a311
942 _2ddc
_cBK
999 _c33528
_d33528